NLSUI OPAC header image

Arbitration in construction industry (Record no. 216836)

MARC details
000 -LEADER
fixed length control field 01188nam a2200157Ia 4500
005 - DATE AND TIME OF LATEST TRANSACTION
control field 20260209120125.0
008 - FIXED-LENGTH DATA ELEMENTS--GENERAL INFORMATION
fixed length control field 260209s9999||||xx |||||||||||||| ||und||
100 ## - MAIN ENTRY--PERSONAL NAME
Personal name Kirtikant Ka Viju
245 #0 - TITLE STATEMENT
Title Arbitration in construction industry
260 ## - PUBLICATION, DISTRIBUTION, ETC.
Place of publication, distribution, etc. BangaloreBangalore
Name of publisher, distributor, etc. NLSIU
Date of publication, distribution, etc. 2008
300 ## - PHYSICAL DESCRIPTION
Extent 109 p. ; 25 cm.
505 ## - FORMATTED CONTENTS NOTE
Formatted contents note -Contents- INTRODUCTION; Chapter-I; I. Arbitration- Conceptual Analysis; II. Scope & Evolution as a means of dispute settlement; Chapter-II; I. Arbitration Agreement; II. Procedure of Arbitration; III. How it is conducted?; IV. Arbitral Award; V. Ad-hoc viz-a viz Institutional Arbitration; Chapter – III; I. Construction Industry- Special Features; II. Specific Issues in Construction Industry; III. Prospects of arbitration in construction industry; Chapter-IV I. Indian Construction Industry; II. Arbitration in Construction Industry in India; III. Hurdles in the Arbitration process; Chapter- V; I. Suggestions; CONCLUSION; BIBLIOGRAPHY.
650 ## - SUBJECT ADDED ENTRY--TOPICAL TERM
Topical term or geographic name entry element Arbitration - Dispute Settlement, Construction Industry - India,
700 ## - ADDED ENTRY--PERSONAL NAME
Personal name Prof. (Dr.) V Nagaraj - GuideProf. (Dr.) V Nagaraj - Guide
856 ## - ELECTRONIC LOCATION AND ACCESS
Uniform Resource Identifier <a href="https://dans.nls.ac.in/handle/123456789/2046">https://dans.nls.ac.in/handle/123456789/2046</a>
Holdings
Withdrawn status Lost status Damaged status Not for loan Home library Current library Date acquired Total Checkouts Barcode Date last seen Price effective from Koha item type
        . . 09.02.2026   LLM201 09.02.2026 09.02.2026 Dissertation